000 00463nmm a2200169Ia 4500
008 251105s9999||||xx |||||||||||||||||und||
020 _a9788496491694
041 _aspa
100 _aValle, Antonio
245 0 _aPasajero en Asturias
264 _a[Madrid, España] :
_bSeptem Ediciones,
_c2007
300 _a150 páginas
490 _aSeptem Fabula
650 _aSpanish narrative
856 _uhttps://public.digitaliapublishing.com/a/35545
942 _cCF
999 _c89955
_d89955